Statistics for Living US Presidents

Click here to take the quiz!

General Stats

  • This quiz has been taken 33 times
  • The average score is 5 of 6

Answer Stats

Year of BirthName% Correct
1961Barack Obama
97%
1946Bill Clinton
97%
1946Donald Trump
93%
1946George W. Bush
90%
1924Jimmy Carter
80%
1942Joe Biden
80%

Score Distribution

Percentile by Number Answered

Percent of People with Each Score

Your Score History

You have not taken this quiz